[Event "Barcelona"]
[Site "Barcelona"]
[Date "1984.??.??"]
[Round "?"]
[White "Kupreichik, Viktor D"]
[Black "Bellon Lopez, Juan Manuel"]
[Result "1-0"]
[WhiteElo "2480"]
[BlackElo "2425"]
[PlyCount "67"]
[EventDate "1984.??.??"]
[EventType "tourn"]
[EventRounds "11"]
[EventCountry "ESP"]
[EventCategory "4"]
[SourceTitle "EXT 1999"]
[Source "ChessBase"]
[SourceDate "1998.11.16"]
[SourceVersion "1"]
[SourceVersionDate "1998.11.16"]
[SourceQuality "1"]

1. e4 e5 2. Nf3 Nc6 3. Bb5 f5 4. Nc3 Nd4 5. O-O c6 6. Ba4 Nf6 7. Nxe5 Bc5 8. b4
Bb6 9. Nc4 Bc7 10. e5 O-O 11. Bb3 Ng4 12. f4 d5 13. exd6 Bxd6 14. h3 Bxb4 15.
hxg4 fxg4 16. Ne2 Bc5 17. Ne3+ Kh8 18. g3 Qe8 19. Nxd4 Bxd4 20. c3 Bb6 21. d4
c5 22. Nc4 Bc7 23. Ne5 cxd4 24. cxd4 Bb6 25. Re1 Be6 26. Be3 Rd8 27. d5 Bxd5
28. Bxb6 axb6 29. Bxd5 Qb5 30. Bc4 Qc5+ 31. Kg2 Rxd1 32. Raxd1 g5 33. Rd7 Rf6
34. Ng6+ 1-0

[Event "Barcelona"]
[Site "Barcelona"]
[Date "1984.??.??"]
[Round "?"]
[White "Kupreichik, Viktor D"]
[Black "Gomez Esteban, Juan Mario"]
[Result "1-0"]
[WhiteElo "2480"]
[BlackElo "2430"]
[PlyCount "93"]
[EventDate "1984.??.??"]
[EventType "tourn"]
[EventRounds "11"]
[EventCountry "ESP"]
[EventCategory "4"]
[SourceTitle "EXT 1999"]
[Source "ChessBase"]
[SourceDate "1998.11.16"]
[SourceVersion "1"]
[SourceVersionDate "1998.11.16"]
[SourceQuality "1"]

1. e4 e5 2. Nf3 Nc6 3. Bb5 a6 4. Ba4 Nf6 5. O-O Be7 6. Re1 b5 7. Bb3 d6 8. a4
Bb7 9. c3 O-O 10. d4 Nd7 11. Nbd2 Bf6 12. Nf1 Na5 13. Bc2 c5 14. Ne3 exd4 15.
cxd4 cxd4 16. Ng4 Nc5 17. axb5 d3 18. Bxd3 Nab3 19. bxa6 Nxd3 20. Qxd3 Nxa1 21.
axb7 Rb8 22. Nxf6+ Qxf6 23. Bd2 Qxb2 24. Bc3 Qxb7 25. Rxa1 Rfe8 26. Nd2 Qe7 27.
h3 h6 28. Ra6 Rbc8 29. Bb2 Red8 30. Nc4 d5 31. Qd4 f6 32. exd5 Qe1+ 33. Kh2 Qe2
34. Ra7 Rf8 35. Ne3 Rb8 36. Bc3 Qxf2 37. Qe4 Rf7 38. Rxf7 Kxf7 39. Nf5 Qa7 40.
Nxh6+ Kf8 41. Bb4+ Rxb4 42. Qxb4+ Qe7 43. Qxe7+ Kxe7 44. Nf5+ Kf7 45. Nxg7 Kxg7
46. Kg3 Kf7 47. Kf4 1-0

[Event "URS"]
[Site "Soviet Union"]
[Date "1984.??.??"]
[Round "?"]
[White "Psakhis, Lev"]
[Black "Kupreichik, Viktor D"]
[Result "0-1"]
[WhiteElo "2535"]
[BlackElo "2480"]
[PlyCount "120"]
[EventDate "1984.??.??"]
[EventType "tourn"]
[EventRounds "9"]
[EventCountry "URS"]
[SourceTitle "EXT 2010"]
[Source "ChessBase"]
[SourceDate "2010.11.25"]
[SourceVersion "1"]
[SourceVersionDate "2010.11.25"]
[SourceQuality "1"]

1. d4 d5 2. c4 e6 3. Nc3 Bb4 4. e3 Ne7 5. Bd2 c5 6. a3 Bxc3 7. Bxc3 cxd4 8.
Qxd4 f6 9. cxd5 Nxd5 10. Bd2 O-O 11. e4 Nc6 12. Qc5 Nb6 13. Nf3 e5 14. Be2 Bg4
15. Be3 Rc8 16. Qb5 Bxf3 17. Bxf3 Nd4 18. Bxd4 Qxd4 19. O-O Qc4 20. Qxc4+ Rxc4
21. Rfd1 Kf7 22. Rd2 Rfc8 23. h4 Ke7 24. Rad1 Rc1 25. Kh2 Rxd1 26. Bxd1 Rc4 27.
Re2 Kd6 28. Bb3 Rd4 29. Bg8 h6 30. Kg3 Nc8 31. Bd5 b5 32. h5 Ne7 33. Bf7 Nc6
34. f3 Rd3 35. Rc2 a5 36. b3 f5 37. exf5 e4 38. f6 gxf6 39. Bg6 Rxb3 40. Bxe4
Ne7 41. Rd2+ Ke6 42. Rd8 Rxa3 43. Rh8 Rc3 44. Kf2 a4 45. Rxh6 Rc8 46. g4 Nd5
47. Rh7 Ra8 48. g5 a3 49. g6 a2 50. Bxd5+ Kxd5 51. Rd7+ Ke6 52. Rd1 b4 53. h6
Kf5 54. Rg1 b3 55. g7 b2 56. h7 b1=Q 57. g8=Q Qb6+ 58. Ke2 Qb2+ 59. Kd3 Ra3+
60. Kc4 Rc3+ 0-1

[Event "URS-chT Cup 13th"]
[Site "Kiev"]
[Date "1984.05.15"]
[Round "1"]
[White "Kupreichik, Viktor D"]
[Black "Palatnik, Semon"]
[Result "1-0"]
[WhiteElo "2480"]
[BlackElo "2455"]
[PlyCount "79"]
[EventDate "1984.05.14"]
[EventType "team-tourn"]
[EventRounds "7"]
[EventCountry "URS"]
[SourceTitle "EXT 2020"]
[Source "ChessBase"]
[SourceDate "2019.10.17"]
[SourceVersion "1"]
[SourceVersionDate "2019.10.17"]
[SourceQuality "1"]
[WhiteTeam "Dinamo"]
[BlackTeam "Lokomotiv"]
[WhiteTeamCountry "URS"]
[BlackTeamCountry "URS"]

1. e4 Nf6 2. Nc3 d5 3. e5 Nfd7 4. f4 c5 5. Nf3 e6 6. g3 Nc6 7. Bg2 Be7 8. O-O
O-O 9. Kh1 b5 10. Nxb5 Ba6 11. a4 Qa5 12. Qe2 Rab8 13. d3 Bxb5 14. axb5 Qxb5
15. f5 exf5 16. e6 Nb6 17. exf7+ Rxf7 18. Ne5 Nxe5 19. Qxe5 Re8 20. Re1 Qd7 21.
Bf4 Rc8 22. Ra5 Bf6 23. Qd6 g5 24. Re6 gxf4 25. Rxf6 Qxd6 26. Rxd6 Re8 27. Bf3
fxg3 28. hxg3 f4 29. Bh5 Re1+ 30. Kg2 Rfe7 31. gxf4 Rc1 32. f5 Rxc2+ 33. Kg3
Rd7 34. Re6 Rg7+ 35. Kf4 Rf2+ 36. Ke5 Nd7+ 37. Kd6 Rxf5 38. Be8 Nf8 39. Re2 Rg3
40. Rxa7 1-0

[Event "URS-chT Cup 13th"]
[Site "Kiev"]
[Date "1984.05.19"]
[Round "4"]
[White "Kupreichik, Viktor D"]
[Black "Kholmov, Ratmir D"]
[Result "1-0"]
[WhiteElo "2480"]
[BlackElo "2465"]
[PlyCount "58"]
[EventDate "1984.05.14"]
[EventType "team-tourn"]
[EventRounds "7"]
[EventCountry "URS"]
[SourceTitle "EXT 2020"]
[Source "ChessBase"]
[SourceDate "2019.10.17"]
[SourceVersion "1"]
[SourceVersionDate "2019.10.17"]
[SourceQuality "1"]
[WhiteTeam "Dinamo"]
[BlackTeam "The Rural Societies"]
[WhiteTeamCountry "URS"]
[BlackTeamCountry "URS"]

1. e4 e5 2. Nf3 Nc6 3. Bb5 a6 4. Ba4 Nf6 5. O-O Be7 6. Re1 b5 7. Bb3 d6 8. a4
Bb7 9. c3 Na5 10. Bc2 c5 11. d4 Qc7 12. axb5 axb5 13. Na3 Ba6 14. b4 cxb4 15.
cxb4 Nc6 16. Nxb5 Qb8 17. Nxd6+ Bxd6 18. Ba4 Bb7 19. dxe5 Bxe5 20. Bxc6+ Bxc6
21. Rxa8 Bxa8 22. Qa4+ Ke7 23. Ba3 Nd7 24. Nxe5 Qxe5 25. b5+ Kf6 26. f4 Qxf4
27. Qa6+ Kg5 28. Bc1 Qxc1 29. Rxc1 Bxe4 1-0

[Event "URS-chT Cup 13th"]
[Site "Kiev"]
[Date "1984.05.??"]
[Round "6"]
[White "Kupreichik, Viktor D"]
[Black "Vaganian, Rafael A"]
[Result "1-0"]
[WhiteElo "2480"]
[BlackElo "2630"]
[PlyCount "81"]
[EventDate "1984.05.14"]
[EventType "team-tourn"]
[EventRounds "7"]
[EventCountry "URS"]
[SourceTitle "EXT 2020"]
[Source "ChessBase"]
[SourceDate "2019.10.17"]
[SourceVersion "1"]
[SourceVersionDate "2019.10.17"]
[SourceQuality "1"]
[WhiteTeam "Dinamo"]
[BlackTeam "Spartak"]
[WhiteTeamCountry "URS"]
[BlackTeamCountry "URS"]

1. e4 e6 2. d4 d5 3. e5 Ne7 4. Nf3 b6 5. c3 Qd7 6. Nbd2 a5 7. h4 h5 8. Ng5 Ba6
9. Bxa6 Nxa6 10. Nf1 Nf5 11. Ng3 Nxg3 12. fxg3 f6 13. exf6 gxf6 14. Nh3 O-O-O
15. O-O e5 16. Rxf6 Bg7 17. Rf3 exd4 18. cxd4 Rde8 19. Be3 Nb4 20. Bf2 Kb7 21.
Rc3 Bh6 22. a3 Nc6 23. b4 axb4 24. axb4 Na7 25. Rca3 Nb5 26. Ra6 Qg4 27. Qd3
Qe2 28. Qf5 Qc4 29. Qxh5 Re2 30. Qg4 Rf8 31. Kh2 Rexf2 32. Nxf2 Rxf2 33. Qe6
Bc1 34. Ra8 Ba3 35. Qc8+ Kc6 36. Qe8+ Kb7 37. R8xa3 Rxg2+ 38. Kxg2 Qc2+ 39. Kh3
Nxa3 40. Rxa3 Qf5+ 41. Kg2 1-0

[Event "URS-ch52 Otborochny"]
[Site "Lvov"]
[Date "1984.08.??"]
[Round "?"]
[White "Kupreichik, Viktor D"]
[Black "Gavrikov, Viktor"]
[Result "1-0"]
[WhiteElo "2480"]
[BlackElo "2485"]
[PlyCount "61"]
[EventDate "1984.08.??"]
[EventType "tourn"]
[EventRounds "17"]
[EventCountry "URS"]
[EventCategory "8"]
[SourceTitle "EXT 1999"]
[Source "ChessBase"]
[SourceDate "1998.11.16"]
[SourceVersion "1"]
[SourceVersionDate "1998.11.16"]
[SourceQuality "1"]

1. e4 c5 2. Nf3 d6 3. d4 cxd4 4. Nxd4 Nf6 5. Nc3 a6 6. Bg5 e6 7. f4 Qb6 8. Nb3
Be7 9. Qe2 h6 10. Bxf6 Bxf6 11. O-O-O Qc7 12. h4 b5 13. Rh3 b4 14. Nb1 Nd7 15.
Qd2 Qb7 16. Qxd6 Qxe4 17. N1d2 Qb7 18. Na5 Qb8 19. Ndc4 Be7 20. Qd4 Bc5 21.
Qxg7 Qxf4+ 22. Kb1 Rf8 23. Be2 Qf2 24. Bh5 Qf6 25. Qg4 Qf5 26. Qe2 Nf6 27. Bf3
Ra7 28. Bc6+ Ke7 29. Rf1 Qg4 30. Bf3 Qg7 31. Qe5 1-0

[Event "URS-ch52 Otborochny"]
[Site "Lvov"]
[Date "1984.08.??"]
[Round "?"]
[White "Kupreichik, Viktor D"]
[Black "Kochyev, Alexander"]
[Result "1-0"]
[WhiteElo "2480"]
[BlackElo "2505"]
[PlyCount "137"]
[EventDate "1984.08.??"]
[EventType "tourn"]
[EventRounds "17"]
[EventCountry "URS"]
[EventCategory "8"]
[SourceTitle "EXT 1999"]
[Source "ChessBase"]
[SourceDate "1998.11.16"]
[SourceVersion "1"]
[SourceVersionDate "1998.11.16"]
[SourceQuality "1"]

1. e4 c5 2. Nf3 e6 3. d4 cxd4 4. Nxd4 Nc6 5. Nc3 a6 6. Be3 Qc7 7. Bd3 Nf6 8.
O-O Bd6 9. Nxc6 dxc6 10. f4 e5 11. f5 b5 12. a4 Rb8 13. Kh1 Qe7 14. Bg5 h6 15.
Bh4 Qc7 16. Bxf6 gxf6 17. Rf3 Bb7 18. axb5 axb5 19. Bxb5 Ke7 20. Bc4 h5 21. Rd3
Rbd8 22. Qd2 Bc5 23. Na4 Rxd3 24. Qxd3 Ba7 25. Rd1 Rd8 26. Qxd8+ Qxd8 27. Rxd8
Kxd8 28. Bxf7 h4 29. Bc4 Bf2 30. Bd3 c5 31. Nb6 Bc6 32. g3 hxg3 33. h3 Ke7 34.
Kg2 Kf8 35. Kf3 Kg7 36. Nd5 Ba4 37. Ne3 Bc6 38. b3 Be1 39. Nf1 Kh6 40. Nxg3 Kg5
41. Nf1 Be8 42. Ne3 Ba5 43. Kg2 Bf7 44. Kg1 Bb4 45. Kf2 Bc3 46. Ng2 Bd4+ 47.
Kg3 Bh5 48. Nh4 Be3 49. Nf3+ Kh6 50. Kg2 Kg7 51. Be2 Kh6 52. Kf1 Bf4 53. Kf2
Bf7 54. Bd1 Bh5 55. Be2 Bf7 56. Ne1 Bd2 57. Ng2 Be8 58. Ne3 Kg5 59. Nd5 Bc6 60.
Bc4 Ba5 61. h4+ Kxh4 62. Nxf6 Kg5 63. Nd5 Bb7 64. Ke3 Be1 65. Nc7 Kf6 66. Ne6
Bc3 67. Kd3 Bb4 68. c3 Ba3 69. Nc7 1-0

[Event "URS-ch52 Otborochny"]
[Site "Lvov"]
[Date "1984.08.??"]
[Round "?"]
[White "Malaniuk, Vladimir P"]
[Black "Kupreichik, Viktor D"]
[Result "0-1"]
[WhiteElo "2485"]
[BlackElo "2480"]
[PlyCount "67"]
[EventDate "1984.08.??"]
[EventType "tourn"]
[EventRounds "17"]
[EventCountry "URS"]
[EventCategory "8"]
[SourceTitle "EXT 1999"]
[Source "ChessBase"]
[SourceDate "1998.11.16"]
[SourceVersion "1"]
[SourceVersionDate "1998.11.16"]
[SourceQuality "1"]

1. e4 e5 2. Nf3 Nc6 3. Bc4 Nf6 4. d3 Be7 5. O-O O-O 6. Re1 d6 7. c3 Na5 8. Bb5
c5 9. Ba4 Qc7 10. Nbd2 Nd7 11. Nf1 Nb6 12. Bc2 Nc6 13. Ne3 Bf6 14. a4 Be6 15.
Bb3 Rad8 16. Nd2 Bg5 17. Ndc4 Nxc4 18. dxc4 Bxe3 19. Rxe3 Na5 20. Rg3 f6 21.
Ba2 Qc6 22. Qc2 Nxc4 23. Qe2 Qa6 24. b4 Rf7 25. Bb3 b5 26. Bb2 Rb8 27. h4 Re7
28. axb5 Qxb5 29. Ra4 a5 30. Bc1 axb4 31. Qa2 Kh8 32. Ra8 Reb7 33. Rxb8+ Rxb8
34. h5 0-1

[Event "URS-ch52 Otborochny"]
[Site "Lvov"]
[Date "1984.08.??"]
[Round "?"]
[White "Shneider, Aleksandr"]
[Black "Kupreichik, Viktor D"]
[Result "0-1"]
[WhiteElo "2460"]
[BlackElo "2480"]
[PlyCount "86"]
[EventDate "1984.08.??"]
[EventType "tourn"]
[EventRounds "17"]
[EventCountry "URS"]
[EventCategory "8"]
[SourceTitle "EXT 1999"]
[Source "ChessBase"]
[SourceDate "1998.11.16"]
[SourceVersion "1"]
[SourceVersionDate "1998.11.16"]
[SourceQuality "1"]

1. d4 d5 2. c4 e6 3. Nc3 Bb4 4. Nf3 Ne7 5. e3 c5 6. a3 Bxc3+ 7. bxc3 O-O 8. Bd3
Nbc6 9. O-O dxc4 10. Bxc4 Qc7 11. Bd3 e5 12. Qc2 h6 13. e4 Bd7 14. Be3 Rac8 15.
Nxe5 Nxe5 16. dxe5 Qxe5 17. f4 Qe6 18. Rae1 c4 19. Be2 Qa6 20. f5 f6 21. Rf3
Qxa3 22. Bxh6 gxh6 23. Qd2 Qc5+ 24. Kh1 Kh7 25. Rh3 Ng8 26. Qxd7+ Qe7 27. Qd4
b5 28. Ra1 Rfd8 29. Qe3 Rc7 30. Rg3 Rdd7 31. Rg6 Qe5 32. Ra6 Rd6 33. Rxa7 Rxa7
34. Qxa7+ Ne7 35. Rg4 b4 36. g3 bxc3 37. Qa4 h5 38. Rh4 Kg7 39. Kg2 Rd2 40.
Qxc4 c2 41. Kh3 Rxe2 42. Qxe2 c1=Q 43. Rxh5 Kf7 0-1

[Event "Yerevan Petrosian Memorial-01"]
[Site "Yerevan"]
[Date "1984.10.13"]
[Round "9"]
[White "Kupreichik, Viktor D"]
[Black "Rodriguez Cespedes, Amador"]
[Result "1-0"]
[WhiteElo "2480"]
[BlackElo "2360"]
[PlyCount "110"]
[EventDate "1984.10.03"]
[EventType "tourn"]
[EventRounds "15"]
[EventCountry "URS"]
[EventCategory "9"]
[SourceTitle "MCD"]
[Source "ChessBase"]
[SourceDate "1999.07.01"]
[SourceVersion "1"]
[SourceVersionDate "1999.07.01"]
[SourceQuality "1"]

1. e4 e5 2. Nf3 Nc6 3. Bb5 a6 4. Ba4 Nf6 5. O-O b5 6. Bb3 Be7 7. d4 d6 8. dxe5
Nxe5 9. Nxe5 dxe5 10. Qe2 Bb7 11. Rd1 Qb8 12. Bg5 O-O 13. Nc3 c6 14. Rd3 Qc7
15. Rg3 Kh8 16. Rf1 a5 17. a4 b4 18. Nb1 Ba6 19. Bc4 Bxc4 20. Qxc4 Rad8 21.
Bxf6 Bxf6 22. Qe2 c5 23. Nd2 Qc6 24. b3 Rd4 25. Rd3 Bg5 26. Rxd4 cxd4 27. Nc4
Qc7 28. Qh5 h6 29. h4 g6 30. Qg4 Bf6 31. h5 g5 32. g3 Re8 33. Qf5 Re6 34. f4
Kg8 35. Kg2 Kg7 36. Rf2 Kg8 37. fxg5 Bxg5 38. Qg4 Rc6 39. Rf5 f6 40. Rf2 Kh8
41. Qf5 Rxc4 42. bxc4 Qxc4 43. Qd7 Qa6 44. Kf3 Be3 45. Re2 Bg5 46. Kf2 Qa8 47.
Ke1 Qa6 48. Rf2 Qa8 49. Qd5 Qa6 50. Kd1 Kg7 51. Qd7+ Kh8 52. Qe8+ Kg7 53. Rf5
Qd6 54. Ke2 Qc7 55. Rxg5+ hxg5 1-0

[Event "URS-ch52 First League"]
[Site "Sverdlovsk"]
[Date "1984.11.??"]
[Round "?"]
[White "Kupreichik, Viktor D"]
[Black "Chernin, Alexander"]
[Result "1-0"]
[WhiteElo "2480"]
[BlackElo "2475"]
[PlyCount "67"]
[EventDate "1984.11.15"]
[EventType "tourn"]
[EventRounds "15"]
[EventCountry "URS"]
[EventCategory "9"]
[SourceTitle "MCL"]
[Source "ChessBase"]
[SourceDate "1999.07.01"]
[SourceVersion "1"]
[SourceVersionDate "1999.07.01"]
[SourceQuality "1"]

1. e4 e6 2. d4 d5 3. Nd2 Nf6 4. e5 Nfd7 5. Bd3 c5 6. c3 Nc6 7. Ne2 cxd4 8. cxd4
f6 9. exf6 Nxf6 10. Nf3 Bd6 11. O-O Qc7 12. Bg5 O-O 13. Rc1 Ng4 14. Ng3 h6 15.
Bd2 Qe7 16. Bb1 Nxd4 17. Nxd4 Qh4 18. h3 Nxf2 19. Rxf2 Rxf2 20. Nh1 Rf6 21. Nf3
Qh5 22. Qc2 Rxf3 23. Qh7+ Kf7 24. gxf3 Qxh3 25. Qg6+ Kf8 26. f4 Qh4 27. Bc3 Qe7
28. Ng3 Bc5+ 29. Kg2 d4 30. Bd2 Bd7 31. Qh7 Rc8 32. Bg6 Qh4 33. Qh8+ Ke7 34.
Qxg7+ 1-0

[Event "URS-ch52 First League"]
[Site "Sverdlovsk"]
[Date "1984.11.??"]
[Round "?"]
[White "Kupreichik, Viktor D"]
[Black "Vaisser, Anatoli"]
[Result "1-0"]
[WhiteElo "2480"]
[BlackElo "2475"]
[PlyCount "55"]
[EventDate "1984.11.15"]
[EventType "tourn"]
[EventRounds "15"]
[EventCountry "URS"]
[EventCategory "9"]
[SourceTitle "MCL"]
[Source "ChessBase"]
[SourceDate "1999.07.01"]
[SourceVersion "1"]
[SourceVersionDate "1999.07.01"]
[SourceQuality "1"]

1. e4 e6 2. d4 d5 3. Nd2 Nf6 4. e5 Nfd7 5. c3 c5 6. Bd3 Nc6 7. Ne2 cxd4 8. cxd4
f6 9. f4 fxe5 10. fxe5 Nxd4 11. O-O Qb6 12. Kh1 Nxe5 13. Nf4 g6 14. Nb3 Ndc6
15. Qe2 Bd6 16. Be3 d4 17. Bg1 Bd7 18. Qe4 Nxd3 19. Nxe6 Nde5 20. Nbxd4 Nxd4
21. Ng7+ Kd8 22. Bxd4 Qc6 23. Qh4+ Be7 24. Qg3 Ng4 25. Rad1 Rf8 26. Rfe1 Rf6
27. Bxf6 Nxf6 28. Qe5 1-0

[Event "URS-chT Republics 17th final"]
[Site "Volgograd"]
[Date "1985.01.15"]
[Round "1"]
[White "Odeev, Handszar"]
[Black "Kupreichik, Viktor D"]
[Result "0-1"]
[WhiteElo "2340"]
[BlackElo "2470"]
[PlyCount "74"]
[EventDate "1985.01.15"]
[EventType "team-swiss"]
[EventRounds "7"]
[EventCountry "URS"]
[SourceTitle "EXT 2020"]
[Source "ChessBase"]
[SourceDate "2019.10.17"]
[SourceVersion "1"]
[SourceVersionDate "2019.10.17"]
[SourceQuality "1"]
[WhiteTeam "Turkmenistan"]
[BlackTeam "Belarus"]
[WhiteTeamCountry "TKM"]
[BlackTeamCountry "BLR"]

1. Nf3 d5 2. d4 Nf6 3. Bf4 c5 4. c3 e6 5. e3 Nc6 6. Bd3 Bd6 7. Bg3 Qe7 8. Ne5
Nd7 9. f4 O-O 10. O-O f6 11. Bh4 Qe8 12. Nxc6 bxc6 13. Kh1 e5 14. Nd2 Rb8 15.
Rb1 e4 16. Be2 cxd4 17. cxd4 c5 18. Nb3 c4 19. Nc1 Nb6 20. b3 Qc6 21. Be1 Bd7
22. Rf2 Rfc8 23. Bf1 cxb3 24. Nxb3 Ba3 25. Na1 Nc4 26. Nc2 Bd6 27. Rb3 Nb2 28.
Qd2 Qa4 29. Rxb8 Rxb8 30. a3 Bxa3 31. Nxa3 Qxa3 32. Qa5 Qxa5 33. Bxa5 Rb3 34.
Bd2 Bb5 35. Bxb5 Rxb5 36. h3 Nc4 37. Bc1 Rb1 0-1

[Event "URS-chT Republics 17th final"]
[Site "Volgograd"]
[Date "1985.01.18"]
[Round "4"]
[White "Dvoirys, Semen I"]
[Black "Kupreichik, Viktor D"]
[Result "0-1"]
[WhiteElo "2445"]
[BlackElo "2470"]
[PlyCount "79"]
[EventDate "1985.01.15"]
[EventType "team-swiss"]
[EventRounds "7"]
[EventCountry "URS"]
[SourceTitle "EXT 2020"]
[Source "ChessBase"]
[SourceDate "2019.10.17"]
[SourceVersion "1"]
[SourceVersionDate "2019.10.17"]
[SourceQuality "1"]
[WhiteTeam "Russia II"]
[BlackTeam "Belarus"]
[WhiteTeamCountry "RUS"]
[BlackTeamCountry "BLR"]

1. e4 e5 2. Nf3 Nc6 3. Bb5 Nd4 4. Nxd4 exd4 5. O-O Bc5 6. d3 c6 7. Bc4 d5 8.
exd5 cxd5 9. Re1+ Ne7 10. Bb3 O-O 11. Qh5 Be6 12. Nd2 a5 13. a4 Bb4 14. Re2 Qd7
15. Nf3 Bg4 16. Qg5 Bxf3 17. gxf3 Ra6 18. Kh1 Re6 19. Rxe6 fxe6 20. Bf4 Ng6 21.
Bg3 Qf7 22. Qg4 Qxf3+ 23. Qxf3 Rxf3 24. Rc1 h5 25. h3 h4 26. Kg2 Rf8 27. Bc7
Rc8 28. Bh2 Bd2 29. Rg1 Kh7 30. Kf1 Bc1 31. Ke2 Bxb2 32. c4 dxc3 33. Bc2 d4 34.
Rg4 e5 35. Re4 b5 36. Bxe5 bxa4 37. Rxd4 Nxe5 38. Rxh4+ Kg8 39. Rxa4 Nc6 40. d4
0-1

[Event "URS-chT Republics 17th final"]
[Site "Volgograd"]
[Date "1985.01.20"]
[Round "6"]
[White "Kupreichik, Viktor D"]
[Black "Giorgadze, Tamaz"]
[Result "1-0"]
[WhiteElo "2470"]
[BlackElo "2500"]
[PlyCount "63"]
[EventDate "1985.01.15"]
[EventType "team-swiss"]
[EventRounds "7"]
[EventCountry "URS"]
[SourceTitle "EXT 2020"]
[Source "ChessBase"]
[SourceDate "2019.10.17"]
[SourceVersion "1"]
[SourceVersionDate "2019.10.17"]
[SourceQuality "1"]
[WhiteTeam "Belarus"]
[BlackTeam "Georgia"]
[WhiteTeamCountry "BLR"]
[BlackTeamCountry "GEO"]

1. e4 c5 2. Nf3 d6 3. Nc3 e5 4. Bc4 Be6 5. d3 Nf6 6. O-O Be7 7. Bxe6 fxe6 8.
Ne2 Qd7 9. c3 Nc6 10. Ng3 O-O 11. d4 h6 12. d5 Nd8 13. dxe6 Nxe6 14. Nh4 Rfd8
15. Nhf5 Bf8 16. Nh5 Nxh5 17. Qxh5 Qf7 18. Qg4 Kh7 19. f4 Qg6 20. Qh3 exf4 21.
Bxf4 d5 22. Rae1 Nxf4 23. Rxf4 dxe4 24. Rfxe4 Kh8 25. Re6 Qf7 26. Nh4 Re8 27.
Rf1 Qc7 28. Ng6+ Kg8 29. Rxe8 Rxe8 30. Nxf8 Rxf8 31. Qe6+ Rf7 32. Qe8+ 1-0

[Event "Zenica"]
[Site "Zenica"]
[Date "1985.04.??"]
[Round "?"]
[White "Kupreichik, Viktor D"]
[Black "Martinovic, Slobodan"]
[Result "1-0"]
[WhiteElo "2470"]
[BlackElo "2430"]
[PlyCount "65"]
[EventDate "1985.04.??"]
[EventType "tourn"]
[EventRounds "11"]
[EventCountry "YUG"]
[EventCategory "6"]
[SourceTitle "EXT 2004"]
[Source "ChessBase"]
[SourceDate "2003.11.25"]
[SourceVersion "1"]
[SourceVersionDate "2003.11.25"]
[SourceQuality "1"]

1. d4 Nf6 2. Nf3 e6 3. c4 c5 4. g3 cxd4 5. Nxd4 a6 6. Bg2 Qc7 7. b3 Bb4+ 8. Bd2
Be7 9. O-O Nc6 10. Nc2 O-O 11. Nc3 d6 12. Rc1 Ne5 13. f4 Ned7 14. Nd4 Re8 15.
Kh1 Bf8 16. e3 g6 17. g4 e5 18. Nc2 exf4 19. g5 fxe3 20. Nxe3 Nh5 21. Ncd5 Qd8
22. Ng4 Bg7 23. Qf3 Rf8 24. Ngf6+ Kh8 25. Nxh5 Ne5 26. Nxg7 Nxf3 27. Rxf3 Kxg7
28. Bc3+ f6 29. Nxf6 Bf5 30. Re1 h6 31. Rfe3 hxg5 32. Ng4+ Kg8 33. Bd5+ 1-0

[Event "Zenica"]
[Site "Zenica"]
[Date "1985.04.??"]
[Round "?"]
[White "Kupreichik, Viktor D"]
[Black "Sznapik, Aleksander"]
[Result "1-0"]
[WhiteElo "2470"]
[BlackElo "2450"]
[PlyCount "92"]
[EventDate "1985.04.??"]
[EventType "tourn"]
[EventRounds "11"]
[EventCountry "YUG"]
[EventCategory "6"]
[SourceTitle "EXT 2004"]
[Source "ChessBase"]
[SourceDate "2003.11.25"]
[SourceVersion "1"]
[SourceVersionDate "2003.11.25"]
[SourceQuality "1"]

1. e4 d6 2. d4 Nf6 3. Nc3 g6 4. Be3 Bg7 5. Qd2 c6 6. Bh6 Bxh6 7. Qxh6 Qa5 8.
Bd3 b5 9. Nf3 b4 10. Ne2 Nbd7 11. O-O e5 12. a3 bxa3 13. Rxa3 Qc7 14. dxe5 dxe5
15. Ng5 Rf8 16. Bc4 Nb6 17. Ba2 Qe7 18. Rf3 Ba6 19. Re1 O-O-O 20. Nc3 Kb8 21.
Nxh7 Nxh7 22. Qxh7 Nc4 23. h3 Rd2 24. Bb3 Rd7 25. Rd1 Nd2 26. Rxf7 Nf3+ 27.
Rxf3 Rxd1+ 28. Nxd1 Qxh7 29. Rxf8+ Bc8 30. Be6 Qe7 31. Rxc8+ Kb7 32. Bg4 Qb4
33. Rg8 Qxe4 34. Ne3 Qb4 35. Rg7+ Kb6 36. c3 Qe4 37. Bc8 a5 38. Rb7+ Kc5 39.
b4+ axb4 40. Rxb4 Qd3 41. Bg4 Qd2 42. Re4 Qe1+ 43. Kh2 Qxf2 44. Rxe5+ Kb6 45.
Bf3 Qa2 46. c4 Qb2 1-0

[Event "Zenica"]
[Site "Zenica"]
[Date "1985.04.??"]
[Round "?"]
[White "Vukic, Milan"]
[Black "Kupreichik, Viktor D"]
[Result "0-1"]
[WhiteElo "2490"]
[BlackElo "2470"]
[PlyCount "99"]
[EventDate "1985.04.??"]
[EventType "tourn"]
[EventRounds "11"]
[EventCountry "YUG"]
[EventCategory "6"]
[SourceTitle "EXT 2015"]
[Source "ChessBase"]
[SourceDate "2014.11.20"]
[SourceVersion "1"]
[SourceVersionDate "2014.11.20"]
[SourceQuality "1"]

1. Nf3 d5 2. g3 g6 3. Bg2 Bg7 4. d4 Nf6 5. c4 dxc4 6. Qa4+ Nfd7 7. O-O Nc6 8.
Qxc4 Nb6 9. Qc2 Bg4 10. e3 Qc8 11. Bd2 O-O 12. Rc1 Rd8 13. Bc3 Nd5 14. Nbd2 a5
15. a3 a4 16. e4 Nxc3 17. bxc3 e5 18. d5 Nb8 19. Ne1 c6 20. c4 Qc7 21. h3 Bc8
22. Nd3 Bh6 23. Qb2 Nd7 24. Rc2 Qa5 25. Nf3 Bg7 26. Rd1 f5 27. Nd2 Nc5 28. Nxc5
Qxc5 29. Re1 Bd7 30. Re2 Rac8 31. Nf3 b5 32. Qa2 cxd5 33. cxd5 Qd6 34. Ng5 Bf8
35. Ne6 Qxa3 36. Qxa3 Bxa3 37. Nxd8 Rxd8 38. exf5 Bxf5 39. Rc6 b4 40. g4 Bd3
41. Re3 Bb5 42. Rb6 Be8 43. Rxe5 b3 44. d6 Bxd6 45. Rd5 Bf7 46. Rdxd6 Rxd6 47.
Rxd6 a3 48. Rd8+ Kg7 49. Rd7 a2 50. Ra7 0-1

[Event "Frunze International"]
[Site "Frunze"]
[Date "1985.11.08"]
[Round "8"]
[White "Kupreichik, Viktor D"]
[Black "Watson, William N"]
[Result "1-0"]
[WhiteElo "2470"]
[BlackElo "2460"]
[PlyCount "103"]
[EventDate "1985.11.01"]
[EventType "tourn"]
[EventRounds "15"]
[EventCountry "URS"]
[EventCategory "9"]
[SourceTitle "MCD"]
[Source "ChessBase"]
[SourceDate "1999.07.01"]
[SourceVersion "1"]
[SourceVersionDate "1999.07.01"]
[SourceQuality "1"]

1. e4 c5 2. Nf3 d6 3. d4 cxd4 4. Nxd4 Nf6 5. Nc3 g6 6. Be3 Bg7 7. Qd2 Nc6 8.
Be2 O-O 9. O-O-O Nxd4 10. Bxd4 Be6 11. Kb1 b5 12. Bxb5 Rb8 13. Rhe1 Qa5 14. Ba4
Rb4 15. Bb3 Rxd4 16. Qxd4 Nd5 17. exd5 Bxd4 18. Rxd4 Bf5 19. Rxe7 Qd8 20. Re3
Re8 21. Nd1 Kf8 22. g3 Qg5 23. a3 Qh5 24. h4 h6 25. Bc4 g5 26. Be2 Qg6 27.
Rxe8+ Kxe8 28. Ne3 Qf6 29. Rb4 Bd7 30. f3 Kd8 31. Re4 Bf5 32. hxg5 hxg5 33. Rc4
Bd7 34. Rc3 Qh8 35. g4 Qh1+ 36. Ka2 Qe1 37. Ba6 Qd2 38. Bb7 Ke7 39. Bc6 Bc8 40.
Nc4 Qf4 41. Bb5 f5 42. Ne3 fxg4 43. Rxc8 gxf3 44. Re8+ Kf7 45. Re6 g4 46. Be8+
Kg7 47. Bg6 Qxe3 48. Rxe3 Kxg6 49. Re8 Kg5 50. Rf8 Kh4 51. c4 g3 52. Rf4+ 1-0